000 00211 a2200097 4500
001 30721
100 _aDaniel, D S
245 _aFlight five Africa
260 _aEngland
_bladybird Bks
_c
090 _c20653
_d20653
942 _aNUST-CAE
_cM
_c11840
999 _c265794
_d265794